[Event "Barcelona Primavera CE op"]
[Site "Barcelona"]
[Date "2021.05.22"]
[Round "5"]
[White "Abreu Sanchez, Leonel Jesus"]
[Black "Agudo Martin, Francisco Javier"]
[Result "1-0"]
[WhiteElo "1747"]
[BlackElo "1646"]
[PlyCount "55"]
[EventDate "2021.04.24"]
[EventType "swiss"]
[EventRounds "9"]
[EventCountry "ESP"]
[SourceTitle "EXT 2022"]
[Source "ChessBase"]
[SourceDate "2021.10.06"]
[SourceVersion "1"]
[SourceVersionDate "2021.10.06"]
[SourceQuality "1"]

1. e4 c5 2. Nf3 Nc6 3. d4 cxd4 4. Nxd4 Nf6 5. Nc3 e6 6. a3 a6 7. Be3 Be7 8. Be2 0-0 9. 0-0 d6 10. f4 Qc7 11. Bf3 Nxd4 12. Qxd4 Bd7 13. Rad1 e5 14. Qd2 Bc6 15. f5 Rad8 16. Qf2 Qc8 17. g4 Kh8 18. g5 Ne8 19. Qg3 Rg8 20. Bg4 Nf6 21. gxf6 gxf6 22. Kf2 d5 23. exd5 Bxd5 24. Nxd5 Qxc2+ 25. Rd2 Qe4 26. Qf3 Qxg4 27. Qxg4 Rxg4 28. Nxe7 1-0

[Event "Barcelona Primavera CE op"]
[Site "Barcelona"]
[Date "2021.04.24"]
[Round "1"]
[White "Villar Reymundo, Juan Antonio"]
[Black "Agudo Martin, Francisco Javier"]
[Result "1-0"]
[WhiteElo "2157"]
[BlackElo "1646"]
[PlyCount "41"]
[EventDate "2021.04.24"]
[EventType "swiss"]
[EventRounds "9"]
[EventCountry "ESP"]
[SourceTitle "EXT 2022"]
[Source "ChessBase"]
[SourceDate "2021.10.06"]
[SourceVersion "1"]
[SourceVersionDate "2021.10.06"]
[SourceQuality "1"]

1. e4 c5 2. Nf3 Nc6 3. d4 cxd4 4. Nxd4 e5 5. Nb5 d6 6. c4 Nf6 7. N1c3 Be6 8. Be2 Be7 9. 0-0 0-0 10. Re1 a6 11. Na3 Nd4 12. Bf1 Rc8 13. Rb1 Qc7 14. h3 h6 15. f4 Rfd8 16. Be3 Bxc4 17. Bxc4 b5 18. Nd5 Nxd5 19. Bxd5 Bh4 20. Rf1 Qe7 21. fxe5 1-0

[Event "Barcelona Amateurs-B 03"]
[Site "Barcelona"]
[Date "2021.03.22"]
[Round "8"]
[White "Agudo Martin, Francisco Javier"]
[Black "Costa Trave, Jaume"]
[Result "0-1"]
[WhiteElo "1599"]
[BlackElo "1643"]
[PlyCount "94"]
[EventDate "2021.03.15"]
[EventType "tourn"]
[EventRounds "9"]
[EventCountry "ESP"]
[SourceTitle "CBM 201 Extra"]
[Source "ChessBase"]
[SourceDate "2021.05.31"]
[SourceVersion "1"]
[SourceVersionDate "2021.05.31"]
[SourceQuality "1"]

1. e4 e6 2. d4 d5 3. Nd2 c5 4. exd5 Qxd5 5. Ngf3 cxd4 6. Bc4 Qd6 7. 0-0 Nf6 8. Re1 Be7 9. Bb5+ Bd7 10. Bxd7+ Nfxd7 11. Ne4 Qd5 12. Bg5 Nc6 13. Bxe7 Nxe7 14. c4 dxc3 15. Nd6+ Kf8 16. Qxd5 Nxd5 17. Ng5 Nc5 18. bxc3 Ke7 19. Rad1 Nxc3 20. Rc1 Nxa2 21. Rxc5 Kxd6 22. Ra5 Nc3 23. Nxf7+ Kd7 24. Nxh8 Rxh8 25. Rxa7 Rb8 26. Ra3 Nd5 27. Rh3 h6 28. Rf3 Ke7 29. h4 b5 30. Ra1 b4 31. Ra7+ Kd6 32. Rb3 Rg8 33. Ra6+ Ke5 34. f4+ Kf5 35. g4+ Kxg4 36. Rxe6 Rb8 37. Rg6+ Kxh4 38. Rxg7 Nxf4 39. Rb2 Rc8 40. Rh2+ Nh3+ 41. Rxh3+ Kxh3 42. Rb7 Rc4 43. Rb6 h5 44. Rb5 h4 45. Rd5 Rc3 46. Rd4 Kg3 47. Kf1 b3 0-1

[Event "Barcelona Amateurs-B 03"]
[Site "Barcelona"]
[Date "2021.03.19"]
[Round "5"]
[White "Febrero Perez, Lluis"]
[Black "Agudo Martin, Francisco Javier"]
[Result "0-1"]
[WhiteElo "1376"]
[BlackElo "1599"]
[PlyCount "68"]
[EventDate "2021.03.15"]
[EventType "tourn"]
[EventRounds "9"]
[EventCountry "ESP"]
[SourceTitle "CBM 201 Extra"]
[Source "ChessBase"]
[SourceDate "2021.05.31"]
[SourceVersion "1"]
[SourceVersionDate "2021.05.31"]
[SourceQuality "1"]

1. e4 c5 2. Nf3 Nc6 3. d4 cxd4 4. Nxd4 e5 5. Nxc6 bxc6 6. b3 Nf6 7. Nd2 Bb4 8. Bd3 0-0 9. Bb2 d5 10. c3 Bc5 11. h3 Qb6 12. 0-0 a5 13. Qe2 Ba6 14. Bxa6 Rxa6 15. exd5 cxd5 16. Qxe5 Re8 17. Qg3 Re2 18. c4 Rxd2 19. Bxf6 Qxf6 20. Qb8+ Bf8 21. Rae1 Re6 22. Rxe6 Qxe6 23. c5 Rc2 24. b4 axb4 25. Qxb4 Bxc5 26. Qb8+ Bf8 27. a4 Rc8 28. Qf4 Bd6 29. Qd2 Qe5 30. g3 Bc5 31. a5 Qxg3+ 32. Kh1 Qxh3+ 33. Kg1 Qg4+ 34. Kh2 Rc6 0-1

[Event "Barcelona Amateurs-B 03"]
[Site "Barcelona"]
[Date "2021.03.17"]
[Round "3"]
[White "Montero Domenech, Felix"]
[Black "Agudo Martin, Francisco Javier"]
[Result "0-1"]
[WhiteElo "1739"]
[BlackElo "1599"]
[PlyCount "54"]
[EventDate "2021.03.15"]
[EventType "tourn"]
[EventRounds "9"]
[EventCountry "ESP"]
[SourceTitle "CBM 201 Extra"]
[Source "ChessBase"]
[SourceDate "2021.05.31"]
[SourceVersion "1"]
[SourceVersionDate "2021.05.31"]
[SourceQuality "1"]

1. Nf3 Nf6 2. c4 d6 3. Nc3 c6 4. d3 e5 5. g3 Be7 6. Bg2 0-0 7. 0-0 Nbd7 8. Bd2 Re8 9. b4 d5 10. b5 d4 11. bxc6 bxc6 12. Nb1 Bb7 13. Ng5 Nc5 14. Bb4 Nfd7 15. Bxc5 Nxc5 16. Ne4 f5 17. Nxc5 Bxc5 18. Nd2 Rb8 19. Qa4 Bb6 20. Bxc6 Bxc6 21. Qxc6 Ba5 22. Nb3 Bc3 23. Rab1 Rb6 24. Qf3 Qf6 25. Nc5 e4 26. Qf4 exd3 27. exd3 Qe7 0-1

[Event "Roncana op-A 13th"]
[Site "Santa Eulalia de Roncana"]
[Date "2019.11.09"]
[Round "6"]
[White "Castillo Martinez, Aran"]
[Black "Agudo Martin, Francisco Javier"]
[Result "1-0"]
[WhiteElo "1743"]
[BlackElo "1612"]
[PlyCount "55"]
[EventDate "2019.09.28"]
[EventType "swiss"]
[EventRounds "8"]
[EventCountry "ESP"]
[SourceTitle "CBM 193 Extra"]
[Source "ChessBase"]
[SourceDate "2020.01.31"]
[SourceVersion "1"]
[SourceVersionDate "2020.01.31"]
[SourceQuality "1"]

1. d4 Nf6 2. Nf3 e6 3. e3 d5 4. Bd3 c5 5. b3 Bd6 6. Bb2 0-0 7. Nbd2 Nc6 8. 0-0 b6 9. Ne5 Bb7 10. f4 cxd4 11. exd4 Ne7 12. Qe2 Ne4 13. Nxe4 dxe4 14. Bxe4 Bxe4 15. Qxe4 f5 16. Qe2 Rc8 17. c4 Qe8 18. Nd3 Ng6 19. Rae1 Qd8 20. Qxe6+ Kh8 21. Ne5 Nxe5 22. fxe5 Bb4 23. Re2 Qg5 24. a3 Bd2 25. d5 f4 26. Rxd2 f3 27. Rdf2 Qe3 28. gxf3 1-0

[Event "Roncana op-A 13th"]
[Site "Santa Eulalia de Roncana"]
[Date "2019.10.26"]
[Round "5"]
[White "Agudo Martin, Francisco Javier"]
[Black "Argemi Camp, Jaume"]
[Result "1-0"]
[WhiteElo "1612"]
[BlackElo "1672"]
[PlyCount "53"]
[EventDate "2019.09.28"]
[EventType "swiss"]
[EventRounds "8"]
[EventCountry "ESP"]
[SourceTitle "CBM 193 Extra"]
[Source "ChessBase"]
[SourceDate "2020.01.31"]
[SourceVersion "1"]
[SourceVersionDate "2020.01.31"]
[SourceQuality "1"]

1. e4 d6 2. d4 e6 3. Bd3 g6 4. Ne2 Bg7 5. 0-0 Nf6 6. Ng3 0-0 7. c3 e5 8. f4 exf4 9. Bxf4 Ng4 10. Nd2 a5 11. Be2 Nf6 12. Bg5 Nbd7 13. Qc2 a4 14. Rad1 h6 15. Bf4 a3 16. bxa3 Rxa3 17. Nc4 Ra8 18. e5 Nh7 19. exd6 cxd6 20. Bxd6 Re8 21. Be5 Ndf6 22. Nd6 Rf8 23. Bc4 Be6 24. Bxe6 fxe6 25. Qxg6 Ra6 26. Nh5 Rxd6 27. Qxg7# 1-0

[Event "Roncana op-A 13th"]
[Site "Santa Eulalia de Roncana"]
[Date "2019.10.12"]
[Round "3"]
[White "Agudo Martin, Francisco Javier"]
[Black "Torras Coloma, Pau"]
[Result "0-1"]
[WhiteElo "1612"]
[BlackElo "1824"]
[PlyCount "52"]
[EventDate "2019.09.28"]
[EventType "swiss"]
[EventRounds "8"]
[EventCountry "ESP"]
[SourceTitle "CBM 193 Extra"]
[Source "ChessBase"]
[SourceDate "2020.01.31"]
[SourceVersion "1"]
[SourceVersionDate "2020.01.31"]
[SourceQuality "1"]

1. e4 c5 2. Nf3 Nc6 3. d4 cxd4 4. Nxd4 e5 5. Nb5 d6 6. c4 Be7 7. b3 a6 8. N5c3 Nf6 9. Bd3 0-0 10. Bb2 Nd4 11. Nd5 b5 12. Nbc3 Bb7 13. Nxf6+ Bxf6 14. cxb5 axb5 15. 0-0 Bg5 16. b4 Qb6 17. Ne2 Ne6 18. Ng3 Nf4 19. Nf5 d5 20. Bxe5 dxe4 21. h4 Nxd3 22. hxg5 Nxe5 23. Qh5 Qe6 24. Nd4 Qg4 25. Qh2 Nf3+ 26. Nxf3 exf3 0-1

[Event "Foment Martinenc op-B 15th"]
[Site "Barcelona"]
[Date "2013.06.08"]
[Round "8"]
[White "Domenche Redondo, Francesco"]
[Black "Agudo Martin, Francisco Javier"]
[Result "1/2-1/2"]
[WhiteElo "1710"]
[BlackElo "1612"]
[PlyCount "81"]
[EventDate "2013.04.20"]
[EventType "swiss"]
[EventRounds "9"]
[EventCountry "ESP"]
[SourceTitle "CBM 154 Extra"]
[Source "ChessBase"]
[SourceDate "2013.06.25"]
[SourceVersion "2"]
[SourceVersionDate "2013.06.25"]
[SourceQuality "1"]

1. d4 Nf6 2. Nf3 g6 3. c4 Bg7 4. Nc3 0-0 5. e4 d6 6. Be2 e5 7. dxe5 dxe5 8. Qxd8 Rxd8 9. Bg5 Rf8 10. 0-0 c6 11. h3 Nbd7 12. Be3 Nb6 13. Rfd1 Be6 14. Bxb6 axb6 15. Ng5 Bc8 16. Nf3 Nh5 17. Rd6 Nf4 18. Bf1 Ne6 19. a3 Nd4 20. Ne2 Re8 21. Nexd4 Bf8 22. Nb5 Bxd6 23. Nxd6 Re7 24. Nxc8 Rxc8 25. Rd1 c5 26. Be2 f6 27. Kf1 Kf7 28. Rd6 Rc6 29. Rd5 Ke8 30. Ke1 Rd7 31. Rxd7 Kxd7 32. Kd2 Ke6 33. g4 Rc7 34. Ke3 Rd7 35. Nd2 h6 36. Nb3 Rd8 37. Nd2 f5 38. exf5+ gxf5 39. gxf5+ Kxf5 40. Bg4+ Kg5 41. Nf3+ 1/2-1/2

[Event "Foment Martinenc op-B 15th"]
[Site "Barcelona"]
[Date "2013.05.11"]
[Round "4"]
[White "Ventura Solans, Victor"]
[Black "Agudo Martin, Francisco Javier"]
[Result "1-0"]
[WhiteElo "1646"]
[BlackElo "1612"]
[PlyCount "78"]
[EventDate "2013.04.20"]
[EventType "swiss"]
[EventRounds "9"]
[EventCountry "ESP"]
[SourceTitle "CBM 154 Extra"]
[Source "ChessBase"]
[SourceDate "2013.06.25"]
[SourceVersion "2"]
[SourceVersionDate "2013.06.25"]
[SourceQuality "1"]

1. d4 Nf6 2. c4 g6 3. Nc3 Bg7 4. e3 0-0 5. f3 d6 6. e4 Re8 7. Be3 Nc6 8. Nge2 a6 9. Qd2 e6 10. g4 d5 11. g5 Nd7 12. cxd5 exd5 13. Nxd5 Nb6 14. Nxb6 cxb6 15. h4 Bf8 16. a3 Na5 17. Qc3 Be6 18. Kf2 Rc8 19. Qe1 Nb3 20. Rb1 Bc4 21. Qd1 b5 22. Nc1 Bxf1 23. Nxb3 Bc4 24. Rc1 Re7 25. h5 Rec7 26. Na5 b6 27. Nxc4 bxc4 28. Qa4 c3 29. bxc3 Rxc3 30. hxg6 Rxc1 31. gxf7+ Kxf7 32. Bxc1 Rxc1 33. Rxc1 Qxg5 34. Qd7+ Be7 35. Qd5+ Qxd5 36. exd5 Bxa3 37. Rc7+ Kg6 38. Rc6+ Kg5 39. d6 Bb2 1-0

[Event "Barcelona La Lira op 30th"]
[Site "Barcelona"]
[Date "2012.02.03"]
[Round "3"]
[White "Martinez Hernandez, Emili"]
[Black "Agudo Martin, Francisco Javier"]
[Result "0-1"]
[WhiteElo "1772"]
[BlackElo "1625"]
[PlyCount "80"]
[EventDate "2012.01.20"]
[EventType "swiss"]
[EventRounds "8"]
[EventCountry "ESP"]
[SourceTitle "EXT 2013"]
[Source "ChessBase"]
[SourceDate "2012.11.22"]
[SourceVersion "1"]
[SourceVersionDate "2012.11.22"]
[SourceQuality "1"]

1. e4 c5 2. g3 e5 3. Bg2 Nc6 4. Ne2 Be7 5. 0-0 Nf6 6. c3 d6 7. d4 cxd4 8. cxd4 Qb6 9. dxe5 dxe5 10. Nbc3 0-0 11. Qc2 Nb4 12. Qb1 Bg4 13. Be3 Qe6 14. f3 Bh3 15. a3 Bxg2 16. Kxg2 Na6 17. Qc2 Rfc8 18. Rac1 Bc5 19. Bxc5 Nxc5 20. Rcd1 Qc6 21. Nd5 Qe6 22. Nec3 Ncd7 23. Qb3 Nc5 24. Qb4 b5 25. Nxb5 Rab8 26. Qa5 Ncxe4 27. fxe4 Rc2+ 28. Kh1 Nxe4 29. Qxa7 Nxg3+ 30. Kg1 Ne2+ 31. Kh1 Rbc8 32. Ne7+ Kh8 33. Qd7 Ng3+ 34. Kg1 Qb6+ 35. Nd4 Rd8 36. Qc6 Rxc6 37. Nexc6 Ne2+ 38. Kg2 Rxd4 39. Nxd4 Nxd4 40. Rxf7 Qg6+ 0-1

[Event "Barcelona La Lira op 30th"]
[Site "Barcelona"]
[Date "2012.01.20"]
[Round "1"]
[White "Flores Linan, Josep Luis"]
[Black "Agudo Martin, Francisco Javier"]
[Result "1-0"]
[WhiteElo "1918"]
[BlackElo "1625"]
[PlyCount "59"]
[EventDate "2012.01.20"]
[EventType "swiss"]
[EventRounds "8"]
[EventCountry "ESP"]
[SourceTitle "EXT 2013"]
[Source "ChessBase"]
[SourceDate "2012.11.22"]
[SourceVersion "1"]
[SourceVersionDate "2012.11.22"]
[SourceQuality "1"]

1. d4 Nf6 2. c4 g6 3. Nc3 Bg7 4. e4 d6 5. Nge2 0-0 6. Ng3 Nc6 7. Be2 e5 8. d5 Nd4 9. 0-0 h5 10. Bg5 Qe8 11. Qd2 a6 12. Rae1 Nh7 13. Be3 h4 14. Nh1 h3 15. f4 hxg2 16. Kxg2 f5 17. Ng3 Qe7 18. Bd3 exf4 19. Bxf4 Qh4 20. e5 g5 21. Be3 f4 22. Bxd4 Bh3+ 23. Kh1 fxg3 24. Bxh7+ Kxh7 25. Qd3+ Rf5 26. Rxf5 Bg2+ 27. Kxg2 Qxh2+ 28. Kf3 Kh6 29. Qf1 Qh5+ 30. Ke3 1-0